00000000nam##2200000za#4500
0019.638994
003CaOODSP
00520210624221940
007cr |||||||||||
008150407|2004||||xxc|||||o    f|0| 0 fre|d
040 |aCaOODSP|bfre
043 |an-cn---
0861 |aM76-4/2005-1F-PDF
1101 |aCanada.|bRessources naturelles Canada. |bSecteur des sciences de la Terre.
24510|aSecteur des sciences de la terre, mise à jour et rapport d'étape 2004 - plan d'affaires 2002-2005 |h[ressource électronique]
2463 |aSecteur des sciences de la terre, plan d’affaires 2002–2005 - mise à jour et rapport d’étape 2004
260 |aOttawa - Ontario : |bRessources naturelles Canada. |cc2004.
300 |a75p.|bcarte en couleur, organigramme, tableaux, photographies
500 |aLe n° de catalogue (M76-4/2005-1F) et l'ISBN (0-662-36299-3) de l'édition imprimée ont été incorrectement copiés dans la version PDF.
590 |a11-13-Supp|b2011-08-04
69107|aPlan d'affaires|2gcpds
77508|tEarth Sciences Sector, 2004 update and progress report - 2002/2005 business plan |w(CaOODSP)9.694823
85640|ahttp://publications.gc.ca|qPDF|s5106 Ko|uhttps://publications.gc.ca/collections/collection_2011/rncan-nrcan/M76-4-2005-1-fra.pdf